000 01029naa a22002777a 4500
001 BR8300189
003 BR-BrBNA
005 20240918175220.0
007 ta
008 230509b bl.||||| |||| 00| 0 por d
040 _aBR-BrBNA
_bpor
_cBiblioteca Nacional de Agricultura
041 _a(Pt)
072 _aH00
_b3870
090 _aH00 BR8300189
100 1 _aMatuo, T.
245 1 _aTecnologia de aplicacao de defensivos
246 1 _a[Technology of pesticide application]
246 1 _a[The use of pesticides and agronomic prescription book]
260 3 _aSao Paulo, SP (Brasil):
_bAgroedicoes,
_c1982.
500 _aGraziano Neto, F. (ed.) Uso de agrotoxicos e receituario agronomico Sao Paulo, SP (Brasil): Agroedicoes, 1982. p. 95-122 (BR8300189-AM)H00
650 _aDEFENSIVO
650 _aPULVERIZACAO
773 0 _tUso de agrotoxicos e receituario agronomico
_aGraziano Neto, F. (ed.)
_wH00 BR8300189
_gSao Paulo, SP (Brasil), 1982. p. 95-122
909 _a202404
_bLucia
_c55
_dLucia Elande
942 _cAM
_2AGRIS
999 _c315669
_d315669